01213nam a2200229 a 450000100100000000500170001000800410002702000180006804000250008610000380011124500420014926000440019130000210023550000550025695201110031195201110042295201110053395201050064495201060074995201110085599900170096600002684320240228130510.0110303s2012 dr 000 0 spa d a9789945165029 aDO-SdBNPbspacBNPHU1 aGuerrero, Laureano,d1952-97734310aMi niño lindo /cLaureano Guerrero. aSanto Domingo :bEditora Búho,c2012. a213 p. ;c23 cm. aIncluye datos biográficos del autor en la solapa 0010718DSaGRbGRcCTd2011-06-09iLF1l0o p26843-20r2020-06-25te. 3w2020-06-25yLFDSZNo se presta 0010718DSaGRbGRcCTd2011-06-09iLF1l0o p26843-40r2020-06-25te. 5w2020-06-25yLFDSZNo se presta 0010718DSaGRbGRcCTd2011-06-09iLF1l0o p26843-60r2020-06-25te. 4w2020-06-25yLFDSZNo se presta 0010718PDaPDbPDcCTd2011-03-25iLF1l0o p26843-10r2020-06-25w2020-06-25yLFPDZNo se presta 00107-18PDaPDbPDcOId2011-06-09iLF1l0o p26843-30r2020-06-25w2020-06-25yLFPDZNo se presta 0010718PDaPDbPDcCTd2011-06-09iLF1l0o p26843-50r2020-06-25te. 2w2020-06-25yLFPDZNo se presta c26335d26335